| 000 | 00535nam a2200145Ia 4500 | ||
|---|---|---|---|
| 008 | 151213s9999 xx 000 0 und d | ||
| 100 | _aসৈয়দ শামছুল হক। | ||
| 245 |
_aবৈশাখে রচিত পংক্তিমালা। _cসৈয়দ শামছুল হক। |
||
| 260 |
_aঢাকা _bসব্যসাচি। _c1984 |
||
| 300 | _a8524 p. | ||
| 650 | _aBengali Literature | ||
| 650 | _aBengali Literature | ||
| 700 | _aসৈয়দ শামছুল হক। | ||
| 999 |
_c4361 _d4361 |
||